000
00320 a2200157 4500
001
158148
020
_a
040
_c
Magnum
100
_a
-
240
1
0
_a
O livro da natureza/v.3
_l
por
245
1
0
_a
O livro da natureza/v.3
362
0
_a
1899
440
1
_a
Melhoramentos
697
_a
ENCICLOPEDIAS
942
_c
BK
999
_c
158148
_d
158148